[Event "Noyabrsk YANAO-ch"]
[Site "Noyabrsk"]
[Date "2008.01.20"]
[Round "9"]
[White "Dzhimiev, Konstantin"]
[Black "Artamonov, Valery"]
[Result "0-1"]
[WhiteElo "1905"]
[BlackElo "2230"]
[PlyCount "60"]
[EventDate "2008.01.16"]
[EventType "tourn"]
[EventRounds "9"]
[EventCountry "RUS"]
[SourceTitle "EXT 2009"]
[Source "ChessBase"]
[SourceDate "2008.11.26"]
[SourceVersion "1"]
[SourceVersionDate "2008.11.26"]
[SourceQuality "1"]

1. Nf3 c5 2. e3 g6 3. d4 Bg7 4. Bc4 d5 5. Be2 Nc6 6. 0-0 Nf6 7. c4 0-0 8. cxd5 Nxd5 9. Nc3 cxd4 10. exd4 Bf5 11. Nxd5 Qxd5 12. Be3 Rfd8 13. Qa4 Rac8 14. Bc4 Qa5 15. Qb3 e6 16. Rfd1 Qc7 17. Bf1 Be4 18. Rac1 Bd5 19. Qc2 Qe7 20. a3 Qf8 21. Qe2 a6 22. Ne5 Bb3 23. Rd3 Nxd4 24. Qd2 Rxc1 25. Qxc1 Bxe5 26. Bxd4 Rxd4 27. Rxb3 b5 28. Qe3 Qd6 29. h3 Rd1 30. Rd3 Bh2+ 0-1

[Event "Noyabrsk YANAO-ch"]
[Site "Noyabrsk"]
[Date "2008.01.16"]
[Round "1"]
[White "Dzhimiev, Konstantin"]
[Black "Golovnia, Aleksei"]
[Result "1/2-1/2"]
[WhiteElo "1905"]
[BlackElo "2142"]
[PlyCount "45"]
[EventDate "2008.01.16"]
[EventType "tourn"]
[EventRounds "9"]
[EventCountry "RUS"]
[SourceTitle "EXT 2009"]
[Source "ChessBase"]
[SourceDate "2008.11.26"]
[SourceVersion "1"]
[SourceVersionDate "2008.11.26"]
[SourceQuality "1"]

1. e4 c5 2. f4 e6 3. d3 d5 4. Nf3 dxe4 5. dxe4 Qxd1+ 6. Kxd1 a6 7. a4 b6 8. Bd3 Bb7 9. b3 Nf6 10. Nbd2 Nc6 11. c3 Be7 12. Bb2 0-0 13. Ke2 Na5 14. Bc2 Rac8 15. Ba3 Rc7 16. Rhg1 Ra8 17. g4 b5 18. axb5 axb5 19. Bb2 Nc6 20. g5 Nh5 21. Rxa8+ Bxa8 22. Ra1 Bb7 23. Ke3 1/2-1/2